Les traditions Islamiques. Tome Quatrième /

محفوظ في:

المؤلف الرئيسي: Bukhārī, Muḥammad ibn Ismāʻīl, 810-870 (مؤلف)

مؤلفون آخرون: Houdas, Octave Victor, 1840-1916.

التنسيق: كتاب

اللغة: French
Arabic

منشور في: Paris : Ernest Leroux, 1914.

سلاسل: Publications de l'École des langues orientales vivantes ; IV série, Tome VI.

الموضوعات:

الوسوم: إضافة وسم

لا توجد وسوم, كن أول من يضع وسما على هذه التسجيلة!

رقم الطلب: BP135 .A124 F73 v.4

LEADER 00793nam a22002411 4500
001 1449
003 OSt
005 20250924100537.0
008 130303s1914 fr 000 0 fre d
035 |a tmp00550858 
040 |c ARCE Library 
041 1 |a fre  |h ara 
050 4 |a BP135 .A124 F73 v.4 
100 1 |a Bukhārī, Muḥammad ibn Ismāʻīl,  |d 810-870,  |e author  |9 27487 
245 1 4 |a Les traditions Islamiques.  |n Tome Quatrième /  |c traduites de l'Arabe avec notes et index par O. Houdas. 
264 1 |a Paris :  |b Ernest Leroux,  |c 1914. 
300 |a v. <4> ;   |c 28 cm. 
490 0 |a Publications de l'École des langues orientales vivantes ;   |v IV série, Tome VI. 
650 0 |a Hadith. 
700 1 |a Houdas, Octave Victor,  |d 1840-1916.  |9 32290 
901 |a reviewed 
942 |c BK  |2 lcc 
999 |c 2412  |d 2412